Score 0/25 Timer 05:00
7 Plays Today
Hint Answer % Correct
PrincessesSnow White
99%
Belle
94.9%
VillainsCruella De Vil
90.4%
Pocahontas
89.7%
Aurora
87.2%
Thumper
86.8%
Fairy Godmother
86.5%
MagicalElsa
86.4%
Baloo
83.1%
Queen of Hearts
81.5%
Tiana
69.8%
Merlin
67.8%
Mr. Smee
66.9%
Hint Answer % Correct
King Triton
66.6%
HenchmenIago
63.1%
Zazu
62.6%
SidekicksMushu
62.3%
Kronk
49.3%
Blue Fairy
41.5%
Mother Gothel
41%
Pain
34.4%
Sir Hiss
32.5%
Claude Frollo
32.1%
Terk
29.6%
Madame Medusa
18.4%
Remove Ads.
Support Sporcle.
Get the best of Sporcle when you Go Orange. This ad-free experience offers more features, more stats, and more fun while also helping to support Sporcle. Thank you for becoming a member.

You're not logged in!

Compare scores with friends on all Sporcle quizzes.
OR
Log In

Show Comments

Extras

Top Quizzes Today


Score Distribution

Your Account Isn't Verified!

In order to create a playlist on Sporcle, you need to verify the email address you used during registration. Go to your Sporcle Settings to finish the process.

Report this User

Report this user for behavior that violates our Community Guidelines.

Details: